Quizzes
Events
Quiz Creation
Community
Videos
Private Events
Remove Ads
Sign In
Join for FREE
Feedback
Dark Mode
Quiz Categories
Sports
Geography
Music
Movies
Television
Just For Fun
Miscellaneous
History
Literature
Language
Science
Gaming
Entertainment
Religion
Holiday
For Kids
Quiz Lab
Recent
Popular Today
Quiz Kudos Today
Editor Picks
Curator Picks
Quizzes by...
Day
Popularity
Type
Ratings
Length
Year
Community
Subscriptions
Recent Discussions
Orange Saloon
Badges
Playlists
Quests
Create
Leaderboards
Showdown
Live 5
Trivia Bingo
Activity
Puzzle Library
Sporcle Events
Private Events
Virtual Trivia
Globe League
Become a Host
Pub Owners
SporcleCon
Opinionation
Our Games
Videos
Blog
Mobile Apps
Partnerships
Remove Ads and Go Orange
Feedback
Gaming
Video Games
Board Games
Card Games
Pokémon
Mario
Nintendo
Minecraft
Console
Toys
Legend of Zelda
Gaming
Video Games
Board Games
Card Games
Pokémon
Mario
Nintendo
Minecraft
Console
Toys
Legend of Zelda
Random Quiz
Search Sporcle
×
Quiz Lab
Quiz Lab
Gaming
Board Games
Type in answers that appear in a list
Type in answers that appear in a list
Classic
Best Score? Go Orange.
Defense Grid Towers Stats
Can you name the Defense Grid Towers by name?
By
Keonyn
2m
10 Questions
20 Plays
20 Plays
20 Plays
Comments
Comments
Give Quiz Kudos
Give Quiz Kudos
-
- Ratings
hide this ad
More Info
Replay
Link that replays current quiz
Next Quiz
Link to next quiz in quiz playlist
You Got
0%
They Got
Avg Score
90%
Avg Friend Score
Upgrade to see
Score Distribution
Jump to the score distribution portion of the page
Score
0/10
Timer
02:00
0
Plays Today
Description
Tower Name
% Correct
Basic cheap and fast firing projectile weapon tower that can attack single ground and air targets in close range
Gun
95%
More expensive and slower firing projectile weapon tower that does high damage to single targets at long range
Cannon
95%
Slow firing artillery tower with extremely long range that launches fireballs at ground units which inflict heavy area damage
Meteor
95%
Short range tower that strikes enemies with an electrical charge that is more effective the longer the tower is idle to charge
Tesla
95%
Energy weapon tower that hits ground targets with a beam of energy that continues to cause burn damage after the enemy is out of range
Laser
95%
Close range tower that fires explosive grenades in the area around it continuously when enemy targets are in range
Concussion
90%
Close range flamethrower tower with limited range but high effectiveness against grouped ground targets
Inferno
85%
Anti-
air projectile tower that is extremely effective against air units, but is not capable of targeting ground units
Missile
85%
Tower that repeatedly discharges a distortion wave to slow enemy units within the towers range
Temporal
85%
Tower that is able to detect cloaked targets in its vicinity and increase the resources gathered from targets killed in its range
Command
80%
Quiz Playlist
Details
Report
Send in Message
Add To Playlist
More Info:
Towers listed in the same order as viewed in the in-game encyclopedia
Classic:
Type in answers that appear in a list
Last Updated: Feb 16, 2017
Quiz Scoreboard
CHALLENGE
Sign Up to Join the Scoreboard
Show All
Scores
Hide
Comments
May contain spoilers
Recently Published
Presidents Visiting Landmarks
by Hejman
History
7m
An Introduction to Baseball
by treessimontrees
Sports
5m
Movies - When Are They Set?
by FPL_Elf
Movies
5m
More to Explore
Quiz From the Vault
Featured Blog Post
Where Did the Easter Bunny Come From?
hide this ad
You Might Also Like...
Tags
Board Games Quiz
defense
Strategy
Tower
Today's Top Quizzes in Gaming
Browse Gaming
hide this ad
Today's Top Quizzes in Board Games
Browse Board Games
Top Contributed Quizzes in Gaming
1
5-to-1: Consoles
2
Destiny 2 exotic weapons by perk icons
3
7-to-1: Board Game Piece Blitz
4
5-to-1: Legend of Zelda
5
Ultimate Genshin Impact Logic Puzzle (up to 4.3)
6
Franchise by Action Figure
7
Overwatch Logic Puzzle
8
Who's on the WWE 2K24 Cover?
9
Genshin Impact Logic Puzzle Quiz
10
Windmill: Pokémon
Explore More
Trending Topics
NBA
Kpop
Anime
Disney
Harry Potter
Marvel
Crossword
Song
WWE
Soccer
The Office
Country
Pokémon
Puzzle
NFL
hide this ad
More By:
Keonyn
Quiz
Plays
Rating
Category
Featured
Created
Animaniacs Characters
2,149
4.29
Television
Sep 28, 2009
Gregory Peck Movies
1,586
4.75
Movies
Feb 6, 2010
Chris Cooper Movies
128
4.33
Movies
Jan 2, 2010
Frontier Keeps of Dark Age of Camelot
69
5.00
Gaming
Nov 5, 2009
Defense Grid Towers
20
5.00
Gaming
Sep 19, 2010
Go to Creator's Profile
Score Distribution
Quiz Creator Spotlight
Keonyn
Follow
Send a Message
Quizzes Created
-
Created Quiz Play Count
-
More By This Creator
Popular Quizzes Today
1
Find the US States - No Outlines Minefield
2
Find the Countries of Europe - No Outlines Minefield
3
The Countries of the World
4
Popular People in 1961
5
Find the US States
6
US States
7
Risky Map Clicking: Biggest States A-Z
8
1-10 Letter E Words III
More Gaming Quizzes
Super Paper Mario Characters
Quiz Lab
Trending Quizzes
Risky Map Clicking: Least Populous States A-Z
1-10 Letter G Words
1-10 Letter F Words
One Thing in Common: United Kingdom
Risky Map Clicking: Next State Alphabetically
Recently Updated
Leaping Animals
pecheneg
Reality TV Shows (A-Z)
bhenderson79
Rickey Henderson's Hall of Fame Teammates
pecheneg
Champions League XIs: Arsenal
pecheneg
Quick Pick: Celebrities in WWE's Hall of Fame
aduchscher
A-Z Keypad Blitz II
pecheneg
Multiple Oscar Actors
pecheneg
Mystery Phrase Blitz: Oscar 'Best Actors'
pecheneg
F. Scott Fitzgerald Novels
LTH
Pick 3 Villains
ddd62291
Trending Topics
Kpop
Disney
Marvel
Anime
Crossword
Harry Potter
NBA
Puzzle
Country
The Office
Pokémon
WWE
NFL
Soccer
Song
Your Account Isn't Verified!
In order to create a playlist on Sporcle, you need to verify the email address you used during registration. Go to your
Sporcle Settings
to finish the process.
Report this User
Report this user for behavior that violates our
Community Guidelines
.
Details:
Send Report
Go to the Sporcle.com Mobile Site →
Comments